000 00368 a2200145 4500
005 20250626134649.0
020 _a0-07-288692-7
082 _a301 SCH
100 _aSCHSEFER, T. R
245 _aSociology
250 _a9th Ed.
260 _aBoston
_bMcGraw-Hill Irwin
_c2005.
300 _axii,630p.: ill.; tables, pictures
_bIndex, References
_c28cm
942 _2ddc
_cBKS
999 _c5367
_d5367